[Event "Wch Blitz final (Women)"]
[Site "Batumi"]
[Date "2012.06.05"]
[Round "13"]
[White "Janjgava, Natia"]
[Black "Danielian, Elina"]
[Result "0-1"]
[WhiteElo "2306"]
[BlackElo "2478"]
[PlyCount "92"]
[EventDate "2012.04.06"]
[EventType "swiss (blitz)"]
[EventRounds "15"]
[EventCountry "GEO"]
[SourceTitle "EXT 2013"]
[Source "ChessBase"]
[SourceDate "2012.11.22"]
[SourceVersion "1"]
[SourceVersionDate "2012.11.22"]
[SourceQuality "1"]

1. Nf3 Nf6 2. g3 c5 3. Bg2 g6 4. 0-0 Bg7 5. c4 0-0 6. Nc3 Nc6 7. d3 d5 8. cxd5 Nxd5 9. Bd2 Nc7 10. a3 Rb8 11. Rb1 a5 12. Be3 b6 13. Qd2 Nd4 14. Bh6 Nce6 15. Bxg7 Kxg7 16. Nxd4 cxd4 17. Ne4 h6 18. Qc2 Bd7 19. b4 a4 20. Qb2 Rc8 21. Rfc1 Bc6 22. Nd2 Bxg2 23. Kxg2 Qd5+ 24. e4 Qd6 25. Nf3 f6 26. Rxc8 Rxc8 27. Rc1 Rxc1 28. Qxc1 h5 29. Qc2 Qd7 30. Qc4 g5 31. b5 h4 32. h3 hxg3 33. fxg3 Nc5 34. Nxd4 e6 35. Kf3 Qd6 36. h4 gxh4 37. gxh4 Kf7 38. h5 Qh2 39. Ne2 Qxh5+ 40. Ke3 Qe5 41. Nf4 Qb2 42. d4 Qxa3+ 43. Kf2 Qb2+ 44. Kf1 Qb1+ 45. Ke2 Qxe4+ 46. Kd1 Qxf4 0-1

[Event "Wch Blitz final (Women)"]
[Site "Batumi"]
[Date "2012.06.04"]
[Round "3"]
[White "Batsiashvili, Nino"]
[Black "Janjgava, Natia"]
[Result "1-0"]
[WhiteElo "2438"]
[BlackElo "2306"]
[PlyCount "61"]
[EventDate "2012.04.06"]
[EventType "swiss (blitz)"]
[EventRounds "15"]
[EventCountry "GEO"]
[SourceTitle "EXT 2013"]
[Source "ChessBase"]
[SourceDate "2012.11.22"]
[SourceVersion "1"]
[SourceVersionDate "2012.11.22"]
[SourceQuality "1"]

1. d4 Nf6 2. c4 g6 3. Nc3 Bg7 4. e4 d6 5. Nf3 0-0 6. Be2 e5 7. 0-0 Nc6 8. d5 Ne7 9. Ne1 Nd7 10. Nd3 f5 11. Bd2 fxe4 12. Nxe4 Nf6 13. f3 Nf5 14. Ndf2 Nd4 15. Bd3 c5 16. b4 b6 17. bxc5 bxc5 18. Rb1 Nh5 19. Bg5 Qc7 20. Ng4 Bxg4 21. fxg4 Nf4 22. Qd2 Nxd3 23. Qxd3 h6 24. Be3 Qd7 25. h3 Rab8 26. Rxb8 Rxb8 27. Nf6+ Bxf6 28. Rxf6 Qh7 29. Rxg6+ Kf8 30. Bxh6+ Kf7 31. Rg7+ 1-0

[Event "Wch Blitz final (Women)"]
[Site "Batumi"]
[Date "2012.06.04"]
[Round "2"]
[White "Janjgava, Natia"]
[Black "Kosteniuk, Alexandra"]
[Result "0-1"]
[WhiteElo "2306"]
[BlackElo "2448"]
[PlyCount "66"]
[EventDate "2012.04.06"]
[EventType "swiss (blitz)"]
[EventRounds "15"]
[EventCountry "GEO"]
[SourceTitle "EXT 2013"]
[Source "ChessBase"]
[SourceDate "2012.11.22"]
[SourceVersion "1"]
[SourceVersionDate "2012.11.22"]
[SourceQuality "1"]

1. Nf3 Nf6 2. c4 e6 3. g3 d5 4. d4 dxc4 5. Bg2 a6 6. 0-0 Nc6 7. a4 Rb8 8. Bf4 Be7 9. a5 0-0 10. Qc2 Nd5 11. Qxc4 Nxf4 12. gxf4 Qd5 13. Qxd5 exd5 14. Nc3 Rd8 15. e3 f6 16. Nd2 Be6 17. Nb3 Nb4 18. Rfd1 h5 19. Bf3 h4 20. Kf1 Bf5 21. Ke2 Bc2 22. Nc5 Bxd1+ 23. Rxd1 Kf7 24. Rg1 g6 25. f5 Bxc5 26. fxg6+ Kg7 27. dxc5 d4 28. exd4 Rxd4 29. Nd1 Nc2 30. Rg4 Rxg4 31. Bxg4 Kxg6 32. Kd3 Nb4+ 33. Kc4 Nc6 0-1

[Event "Wch Blitz final (Women)"]
[Site "Batumi"]
[Date "2012.06.04"]
[Round "1"]
[White "Mkrtchian, Lilit"]
[Black "Janjgava, Natia"]
[Result "0-1"]
[WhiteElo "2458"]
[BlackElo "2306"]
[PlyCount "84"]
[EventDate "2012.04.06"]
[EventType "swiss (blitz)"]
[EventRounds "15"]
[EventCountry "GEO"]
[SourceTitle "EXT 2013"]
[Source "ChessBase"]
[SourceDate "2012.11.22"]
[SourceVersion "1"]
[SourceVersionDate "2012.11.22"]
[SourceQuality "1"]

1. d4 Nf6 2. c4 g6 3. Nc3 Bg7 4. e4 d6 5. Nf3 0-0 6. h3 e5 7. d5 a5 8. g4 Na6 9. Be3 Nd7 10. a3 f5 11. gxf5 gxf5 12. Rg1 f4 13. Bd2 Nf6 14. h4 Nc5 15. Qc2 a4 16. 0-0-0 Bd7 17. Be1 c6 18. dxc6 bxc6 19. Rxd6 Qe7 20. Rd1 Rfb8 21. Nd2 Ne6 22. Nf3 Nc5 23. Nd2 Ne6 24. Nf3 Nc5 25. Nd2 Ne6 26. Na2 Nd4 27. Qc3 c5 28. f3 Rb7 29. Nb1 Rab8 30. Rg2 Rb3 31. Qa5 Rxf3 32. Nd2 Rxf1 33. Qc7 Rc8 34. Qxc8+ Bxc8 35. Nxf1 Nxe4 36. Nc3 Bf5 37. Nd5 Nb3+ 38. Kc2 Qf7 39. Kd3 Nd6+ 40. Ke2 f3+ 41. Kxf3 Be4+ 42. Ke3 Qf3# 0-1

[Event "Wch Rapid (Women)"]
[Site "Batumi"]
[Date "2012.06.03"]
[Round "10"]
[White "Janjgava, Natia"]
[Black "Kovalevskaya, Ekaterina"]
[Result "1/2-1/2"]
[WhiteElo "2306"]
[BlackElo "2417"]
[PlyCount "66"]
[EventDate "2012.05.31"]
[EventType "swiss (rapid)"]
[EventRounds "11"]
[EventCountry "GEO"]
[SourceTitle "CBM 148 Extra"]
[Source "ChessBase"]
[SourceDate "2012.06.22"]
[SourceVersion "1"]
[SourceVersionDate "2012.06.22"]
[SourceQuality "1"]

1. Nf3 d5 2. d4 e6 3. c4 c5 4. Nc3 Nc6 5. Bg5 Be7 6. cxd5 exd5 7. Bxe7 Ngxe7 8. e3 c4 9. Be2 0-0 10. 0-0 Rb8 11. e4 b5 12. exd5 Nxd5 13. Ne5 Nxe5 14. dxe5 Nxc3 15. bxc3 Be6 16. Qc2 Qc8 17. Bf3 Qc5 18. Rfe1 Rfd8 19. Re3 b4 20. Be4 g6 21. h4 b3 22. Qe2 Qe7 23. h5 Qd7 24. hxg6 hxg6 25. Rg3 Bf5 26. Qxc4 b2 27. Rb1 Kg7 28. Rd3 Qe7 29. Bxf5 gxf5 30. Rxd8 Qxd8 31. Qd4 Qxd4 32. cxd4 f4 33. Kf1 Rb4 1/2-1/2

[Event "EU-ch (Women) 12th"]
[Site "Tbilisi"]
[Date "2011.05.17"]
[Round "10"]
[White "Hoang, Thanh Trang"]
[Black "Janjgava, Natia"]
[Result "1-0"]
[WhiteElo "2456"]
[BlackElo "2291"]
[PlyCount "77"]
[EventDate "2011.05.07"]
[EventType "swiss"]
[EventRounds "11"]
[EventCountry "GEO"]
[SourceTitle "CBM 142 Extra"]
[Source "ChessBase"]
[SourceDate "2011.06.27"]
[SourceVersion "1"]
[SourceVersionDate "2011.06.27"]
[SourceQuality "1"]

1. d4 Nf6 2. Bg5 e6 3. e3 h6 4. Bh4 c5 5. Nd2 d5 6. Ngf3 Nbd7 7. c3 Bd6 8. Bd3 0-0 9. 0-0 cxd4 10. exd4 e5 11. dxe5 Nxe5 12. Nxe5 Bxe5 13. Nf3 Bf4 14. Bc2 Bg4 15. Qd3 g5 16. Bg3 Qd6 17. Nd4 Rae8 18. Rae1 Bxg3 19. hxg3 Bd7 20. f4 Rxe1 21. Rxe1 Ne4 22. Qe3 Re8 23. fxg5 Nf6 24. Qd2 Rxe1+ 25. Qxe1 hxg5 26. Qe3 g4 27. Bf5 Bxf5 28. Nxf5 Qb6 29. Qxb6 axb6 30. Kf2 Kf8 31. Ke3 Ke8 32. Kd4 Kd7 33. Ke5 Ne4 34. Kxd5 Nf2 35. Ne3 Nd3 36. b4 Nc1 37. Nxg4 Nxa2 38. Kd4 Nc1 39. Ke4 1-0

[Event "EU-ch (Women) 12th"]
[Site "Tbilisi"]
[Date "2011.05.12"]
[Round "6"]
[White "Goryachkina, Aleksandra"]
[Black "Janjgava, Natia"]
[Result "0-1"]
[WhiteElo "2103"]
[BlackElo "2291"]
[PlyCount "186"]
[EventDate "2011.05.07"]
[EventType "swiss"]
[EventRounds "11"]
[EventCountry "GEO"]
[SourceTitle "CBM 142 Extra"]
[Source "ChessBase"]
[SourceDate "2011.06.27"]
[SourceVersion "1"]
[SourceVersionDate "2011.06.27"]
[SourceQuality "1"]

1. d4 Nf6 2. c4 g6 3. Nc3 Bg7 4. e4 d6 5. Nf3 0-0 6. Be2 e5 7. Be3 Ng4 8. Bg5 f6 9. Bh4 Nc6 10. d5 Ne7 11. Nd2 Nh6 12. f3 g5 13. Bf2 f5 14. c5 g4 15. fxg4 Nxg4 16. Bxg4 fxg4 17. 0-0 Ng6 18. g3 Bd7 19. Nc4 dxc5 20. Bxc5 Rxf1+ 21. Qxf1 b6 22. Ba3 Nh8 23. Ne3 Nf7 24. Nf5 Bxf5 25. Qxf5 Qg5 26. Rf1 Qxf5 27. Rxf5 a6 28. Kf1 Rc8 29. Na4 a5 30. b3 b5 31. Nc5 c6 32. Nb7 Rc7 33. dxc6 Nh6 34. Rf2 Rxc6 35. Nxa5 Rc7 36. Rd2 Nf7 37. Rd5 Ng5 38. Rxb5 Rc2 39. Nc4 Nxe4 40. Bb2 Rxh2 41. Rb8+ Kf7 42. Rb7+ Kg6 43. Kg1 Re2 44. Nxe5+ Bxe5 45. Bxe5 Rxa2 46. b4 Ng5 47. Bb8 Nf3+ 48. Kf1 Rb2 49. b5 Nd4 50. b6 Nc6 51. Bf4 Kf5 52. Ke1 h5 53. Be3 Ke4 54. Bf2 Kf3 55. Rf7+ Kg2 56. Rf5 Nb4 57. Bc5 Nd3+ 58. Kd1 Nxc5 59. Rxc5 Rxb6 60. Rxh5 Re6 61. Rg5 Kxg3 62. Rg8 Kf3 63. Rf8+ Kg2 64. Rg8 g3 65. Kd2 Kf2 66. Rf8+ Kg1 67. Rg8 g2 68. Rh8 Re4 69. Kd3 Kf1 70. Rf8+ Ke1 71. Kxe4 g1Q 72. Rf4 Ke2 73. Kf5 Qc5+ 74. Kg4 Qe5 75. Rf5 Qh2 76. Kg5 Ke3 77. Kg6 Ke4 78. Rf6 Qg3+ 79. Kf7 Qg4 80. Rg6 Qh5 81. Kg7 Kf5 82. Rf6+ Kg5 83. Rf7 Qg6+ 84. Kf8 Qd6+ 85. Kg7 Qe6 86. Kh8 Qe8+ 87. Kg7 Qe5+ 88. Kh7 Kh5 89. Ra7 Qe4+ 90. Kg8 Qc4+ 91. Kh7 Qd3+ 92. Kg8 Qb3+ 93. Kh7 Qb1+ 0-1

[Event "EU-ch (Women) 12th"]
[Site "Tbilisi"]
[Date "2011.05.07"]
[Round "1"]
[White "Janjgava, Natia"]
[Black "Mumladze, Maia"]
[Result "1-0"]
[WhiteElo "2291"]
[BlackElo "1517"]
[PlyCount "53"]
[EventDate "2011.05.07"]
[EventType "swiss"]
[EventRounds "11"]
[EventCountry "GEO"]
[SourceTitle "CBM 142 Extra"]
[Source "ChessBase"]
[SourceDate "2011.06.27"]
[SourceVersion "1"]
[SourceVersionDate "2011.06.27"]
[SourceQuality "1"]

1. c4 f5 2. Nf3 Nf6 3. d4 g6 4. Nc3 Bg7 5. Qc2 0-0 6. e3 d6 7. d5 e5 8. dxe6 Bxe6 9. Ng5 Bd7 10. Be2 Bc6 11. Ne6 Qe7 12. Nxf8 Qxf8 13. 0-0 Nbd7 14. b4 b6 15. Bb2 Ne5 16. Rad1 Qf7 17. Nd5 Ne8 18. f4 Ng4 19. Bxg4 fxg4 20. Bxg7 Qxg7 21. Qe4 Kf8 22. f5 g5 23. f6 Qf7 24. Qxg4 h6 25. Qf3 h5 26. Qf5 Bxd5 27. Qxd5 1-0

[Event "EU-ch (Women) 4th"]
[Site "Istanbul"]
[Date "2003.06.06"]
[Round "5"]
[White "Janjgava, Natia"]
[Black "Andersson, Christin"]
[Result "1/2-1/2"]
[WhiteElo "2286"]
[BlackElo "2142"]
[PlyCount "115"]
[EventDate "2003.06.02"]
[EventType "swiss"]
[EventRounds "11"]
[EventCountry "TUR"]
[SourceTitle "CBM 094 Extra"]
[Source "ChessBase"]
[SourceDate "2003.07.09"]
[SourceVersion "2"]
[SourceVersionDate "2003.07.09"]
[SourceQuality "1"]

1. d4 d5 2. c4 c6 3. Nf3 dxc4 4. e3 Be6 5. Nc3 b5 6. a4 b4 7. Ne4 Nf6 8. Ned2 c3 9. bxc3 bxc3 10. Nb1 Qa5 11. Qc2 Nd5 12. Ba3 Nd7 13. e4 Nb4 14. Bxb4 Qxb4 15. Qxc3 Qxc3+ 16. Nxc3 Bg4 17. Nd2 e5 18. dxe5 Bb4 19. Rc1 Rd8 20. Nc4 Nb6 21. f3 Nxa4 22. fxg4 Nxc3 23. Kf2 Nxe4+ 24. Ke3 Nc3 25. Nd6+ Bxd6 26. Rxc3 Bxe5 27. Rxc6 0-0 28. Bc4 Rfe8 29. Kf3 h6 30. h4 Rd4 31. g3 Rd6 32. Rxd6 Bxd6 33. Rd1 Rd8 34. g5 hxg5 35. hxg5 Kf8 36. Kg4 Bc7 37. Rxd8+ Bxd8 38. Kf5 Bc7 39. Kg4 a5 40. Bb3 Ke7 41. Kf3 Be5 42. g6 f6 43. g4 Kd6 44. Ke4 Kc5 45. Kd3 Kb4 46. Kc2 a4 47. Be6 Kc5 48. Bf7 Kb4 49. Be6 Bd6 50. Bd7 Ka5 51. Be8 a3 52. Kb3 Kb6 53. Bd7 Bc5 54. Bf5 Kc6 55. Ka2 Kd6 56. Kb3 Ke5 57. Ka2 Kf4 58. Kb3 1/2-1/2

[Event "EU-ch (Women) 4th"]
[Site "Istanbul"]
[Date "2003.06.05"]
[Round "4"]
[White "Michna, Marta"]
[Black "Janjgava, Natia"]
[Result "1-0"]
[WhiteElo "2430"]
[BlackElo "2286"]
[PlyCount "58"]
[EventDate "2003.06.02"]
[EventType "swiss"]
[EventRounds "11"]
[EventCountry "TUR"]
[SourceTitle "CBM 094 Extra"]
[Source "ChessBase"]
[SourceDate "2003.07.09"]
[SourceVersion "2"]
[SourceVersionDate "2003.07.09"]
[SourceQuality "1"]

1. d4 Nf6 2. Nf3 g6 3. c4 Bg7 4. Nc3 0-0 5. e4 d6 6. Be2 e5 7. 0-0 Nc6 8. d5 Ne7 9. Ne1 a5 10. Be3 Nd7 11. a3 f5 12. f3 Nf6 13. c5 f4 14. Bf2 g5 15. g4 fxg3 16. hxg3 h5 17. Ng2 Ng6 18. Qd2 g4 19. cxd6 cxd6 20. Qg5 Kh7 21. Be3 Bd7 22. fxg4 hxg4 23. Rf2 Nh8 24. Nh4 Kg8 25. Nf5 Bxf5 26. Rxf5 Nf7 27. Qh4 Rc8 28. Raf1 Rxc3 29. bxc3 Nxe4 1-0

[Event "EU-ch (Women) 4th"]
[Site "Istanbul"]
[Date "2003.06.02"]
[Round "1"]
[White "Janjgava, Natia"]
[Black "Alexandrova, Olga"]
[Result "1-0"]
[WhiteElo "2286"]
[BlackElo "2445"]
[PlyCount "89"]
[EventDate "2003.06.02"]
[EventType "swiss"]
[EventRounds "11"]
[EventCountry "TUR"]
[SourceTitle "CBM 094 Extra"]
[Source "ChessBase"]
[SourceDate "2003.07.09"]
[SourceVersion "2"]
[SourceVersionDate "2003.07.09"]
[SourceQuality "1"]

1. d4 Nf6 2. c4 e6 3. Nf3 b6 4. e3 Bb7 5. Bd3 d5 6. 0-0 Bd6 7. Nbd2 Nbd7 8. Qc2 0-0 9. e4 dxe4 10. Nxe4 Nxe4 11. Bxe4 Bxe4 12. Qxe4 Nf6 13. Qe2 c5 14. dxc5 bxc5 15. Bd2 Qc7 16. Bc3 Rfe8 17. Ne5 Rad8 18. h3 Nd7 19. Nxd7 Rxd7 20. Rfe1 Bh2+ 21. Kh1 Bf4 22. Qg4 f5 23. Qf3 e5 24. Rad1 Rxd1 25. Qxd1 Rd8 26. Qh5 g6 27. Qh4 g5 28. Qh5 Qc6 29. Kg1 Rd6 30. g3 Rh6 31. Qd1 Rxh3 32. Qd5+ Qxd5 33. cxd5 Bxg3 34. fxg3 Rxg3+ 35. Kf2 f4 36. Rxe5 Kf7 37. d6 Rd3 38. Rxg5 Rxd6 39. Rg7+ Ke6 40. Rxh7 Kf5 41. Rxa7 Ke4 42. Re7+ Kd3 43. Kf3 Ra6 44. a3 Ra4 45. Rf7 1-0

[Event "TUR-GEO Chess Summit"]
[Site "Ankara"]
[Date "2002.08.08"]
[Round "6"]
[White "Atakisi, Umut"]
[Black "Janjgava, Natia"]
[Result "1/2-1/2"]
[WhiteElo "2361"]
[BlackElo "2248"]
[PlyCount "32"]
[EventDate "2002.08.05"]
[EventType "schev"]
[EventRounds "12"]
[EventCountry "TUR"]
[SourceTitle "CBM 089 Extra"]
[Source "ChessBase"]
[SourceDate "2002.09.10"]
[SourceVersion "2"]
[SourceVersionDate "2002.09.10"]
[SourceQuality "1"]

1. e4 c6 2. d4 d5 3. Nc3 dxe4 4. Nxe4 Bf5 5. Ng3 Bg6 6. Nf3 Nf6 7. h4 h6 8. Ne5 Bh7 9. Bd3 Bxd3 10. Qxd3 e6 11. Bd2 Be7 12. 0-0-0 Nbd7 13. f4 c5 14. Qf3 cxd4 15. Ne2 Qb6 16. Kb1 h5 1/2-1/2

[Event "Black Sea Countries-ch (Women)"]
[Site "Batumi"]
[Date "2002.06.21"]
[Round "4"]
[White "Janjgava, Natia"]
[Black "Tsereteli, Tamari"]
[Result "1-0"]
[WhiteElo "2248"]
[BlackElo "2243"]
[PlyCount "105"]
[EventDate "2002.06.18"]
[EventType "swiss"]
[EventRounds "9"]
[EventCountry "GEO"]
[SourceTitle "EXT 2003"]
[Source "ChessBase"]
[SourceDate "2002.11.25"]
[SourceVersion "1"]
[SourceVersionDate "2002.11.25"]
[SourceQuality "1"]

1. Nf3 Nf6 2. g3 d5 3. Bg2 e6 4. 0-0 Be7 5. d4 0-0 6. c4 b6 7. Nc3 Bb7 8. Ne5 Ne4 9. Qc2 f6 10. Nd3 Nc6 11. e3 Nxc3 12. bxc3 Na5 13. cxd5 exd5 14. Nf4 Qd7 15. e4 dxe4 16. Bxe4 Bxe4 17. Qxe4 Rfe8 18. Qd3 Bd6 19. Be3 Bxf4 20. Bxf4 b5 21. Qf3 c6 22. h4 Nc4 23. a4 a6 24. h5 h6 25. axb5 axb5 26. Rxa8 Rxa8 27. Qe4 Qe8 28. Qxe8+ Rxe8 29. Ra1 Kf7 30. Ra6 Re6 31. Kg2 Nb2 32. Kf3 Nc4 33. Kg4 g5 34. hxg6+ Kxg6 35. d5 Ne5+ 36. Kh3 Re7 37. dxc6 Rc7 38. Bxe5 fxe5 39. Kg4 h5+ 40. Kf3 Kf5 41. Rb6 Rc8 42. Ke3 Rc7 43. f3 Rc8 44. g4+ hxg4 45. fxg4+ Ke6 46. Ke4 Kd6 47. g5 Rc7 48. g6 Ke6 49. Ra6 Kf6 50. Kd5 Kxg6 51. Kd6 Rf7 52. c7 Rf8 53. Ke7+ 1-0

[Event "Black Sea Countries-ch (Women)"]
[Site "Batumi"]
[Date "2002.06.19"]
[Round "1"]
[White "Ioseliani, Irina"]
[Black "Janjgava, Natia"]
[Result "0-1"]
[WhiteElo "2064"]
[BlackElo "2248"]
[PlyCount "60"]
[EventDate "2002.06.18"]
[EventType "swiss"]
[EventRounds "9"]
[EventCountry "GEO"]
[SourceTitle "EXT 2003"]
[Source "ChessBase"]
[SourceDate "2002.11.25"]
[SourceVersion "1"]
[SourceVersionDate "2002.11.25"]
[SourceQuality "1"]

1. d4 Nf6 2. Nf3 g6 3. Bg5 Bg7 4. e3 0-0 5. Nbd2 d6 6. c3 c5 7. Bd3 cxd4 8. Nxd4 Nc6 9. 0-0 a6 10. Qe2 Qc7 11. Rad1 Ne5 12. Bc2 b5 13. f4 Nc4 14. Nxc4 Bg4 15. Nf3 bxc4 16. h3 Bd7 17. e4 Rab8 18. e5 dxe5 19. Nxe5 Be6 20. f5 gxf5 21. Bxf5 Rb5 22. Bxf6 exf6 23. Nd7 Bxf5 24. Nxf8 Bd3 25. Rxd3 cxd3 26. Qxd3 Bxf8 27. Rxf6 Rxb2 28. Rxa6 Qf4 29. Kh1 Qf2 30. Qe4 Qf1+ 0-1

[Event "GEO-ch (Women)"]
[Site "Tbilisi"]
[Date "2001.03.31"]
[Round "1.1"]
[White "Melashvili, Ketevan"]
[Black "Janjgava, Natia"]
[Result "1/2-1/2"]
[WhiteElo "2145"]
[BlackElo "2260"]
[PlyCount "101"]
[EventDate "2001.??.??"]
[EventType "k.o."]
[EventRounds "4"]
[EventCountry "GEO"]
[SourceTitle "EXT 2004"]
[Source "ChessBase"]
[SourceDate "2003.11.25"]
[SourceVersion "1"]
[SourceVersionDate "2003.11.25"]
[SourceQuality "1"]

1. d4 Nf6 2. c4 g6 3. Nc3 Bg7 4. e4 d6 5. f3 0-0 6. Bg5 h6 7. Be3 e5 8. Nge2 c6 9. Qd2 Kh7 10. d5 cxd5 11. Nxd5 Nxd5 12. cxd5 f5 13. Nc3 a6 14. Bd3 b5 15. 0-0 f4 16. Bf2 g5 17. b4 g4 18. fxg4 Bxg4 19. a4 bxa4 20. Rxa4 Qg5 21. Bb6 Nd7 22. Bc7 Rfc8 23. Bxd6 Qd8 24. Ra5 Qb6+ 25. Bc5 Nxc5 26. Rxc5 Qxb4 27. Rxc8 Rxc8 28. Nb1 Qd4+ 29. Kh1 Bf8 30. Bxa6 Qxd2 31. Nxd2 Ra8 32. Bc4 Rc8 33. Rb1 Bc5 34. h3 Bh5 35. Ba6 Ra8 36. Nb3 Bb4 37. Ra1 f3 38. g4 Bg6 39. Bd3 Rb8 40. Rf1 Rf8 41. Kh2 h5 42. Kg3 hxg4 43. hxg4 f2 44. Kg2 Rf4 45. Rxf2 Bxe4+ 46. Bxe4+ Rxe4 47. Kf3 Rf4+ 48. Ke2 Rxg4 49. Rf5 Rg3 50. Nc1 Bc3 51. Nd3 1/2-1/2

[Event "Kishinev Interzonal (Women)"]
[Site "Kishinev"]
[Date "1995.??.??"]
[Round "6"]
[White "Janjgava, Natia"]
[Black "Berend, Elvira S"]
[Result "1/2-1/2"]
[WhiteElo "2280"]
[BlackElo "2340"]
[PlyCount "73"]
[EventDate "1995.09.??"]
[EventType "swiss"]
[EventRounds "13"]
[EventCountry "MDA"]
[SourceTitle "EXT 1997"]
[Source "ChessBase"]
[SourceDate "1996.11.15"]
[SourceVersion "1"]
[SourceVersionDate "1996.11.15"]
[SourceQuality "1"]

1. Nf3 Nf6 2. c4 g6 3. g3 Bg7 4. Bg2 0-0 5. 0-0 d6 6. d4 Nc6 7. Nc3 e5 8. d5 Ne7 9. e4 Bg4 10. h3 Bd7 11. Ne1 Qc8 12. Kh2 Nh5 13. Nd3 f5 14. exf5 Nxf5 15. Ne4 Nf6 16. Nxf6+ Bxf6 17. f4 exf4 18. Bxf4 Rf7 19. Qd2 Qf8 20. Rae1 Re8 21. Qa5 Rxe1 22. Rxe1 Qb8 23. Qd2 Qd8 24. Qd1 Re7 25. c5 Rxe1 26. Qxe1 Qe7 27. Qxe7 Bxe7 28. c6 Bc8 29. cxb7 Bxb7 30. Nb4 Bf6 31. b3 Kf7 32. g4 Ne7 33. Be3 a5 34. Nc6 Bxc6 35. dxc6 Bc3 36. Kg3 Ke6 37. Bg5 1/2-1/2

[Event "Kishinev Interzonal (Women)"]
[Site "Kishinev"]
[Date "1995.??.??"]
[Round "10"]
[White "Jezierska, Ivona"]
[Black "Janjgava, Natia"]
[Result "1/2-1/2"]
[WhiteElo "2085"]
[BlackElo "2280"]
[PlyCount "80"]
[EventDate "1995.09.??"]
[EventType "swiss"]
[EventRounds "13"]
[EventCountry "MDA"]
[SourceTitle "EXT 1997"]
[Source "ChessBase"]
[SourceDate "1996.11.15"]
[SourceVersion "1"]
[SourceVersionDate "1996.11.15"]
[SourceQuality "1"]

1. e4 d6 2. g3 g6 3. Bg2 Bg7 4. Ne2 c5 5. 0-0 Nc6 6. f4 Nf6 7. d3 0-0 8. h3 Bd7 9. Nbc3 Ne8 10. f5 e6 11. g4 Nd4 12. Ng3 Qh4 13. Nce2 exf5 14. gxf5 Nxe2+ 15. Nxe2 Qd8 16. Ng3 Bc6 17. Qg4 Nf6 18. Qh4 Nd7 19. Bg5 f6 20. fxg6 hxg6 21. Bh6 Qe7 22. Bxg7 Qxg7 23. Rf2 Rae8 24. Raf1 Re5 25. Bf3 Qh7 26. Qf4 Qxh3 27. Rh2 g5 28. Rxh3 gxf4 29. Nf5 d5 30. Kh2 dxe4 31. dxe4 Kf7 32. Rh7+ Ke8 33. Nd6+ Kd8 34. Nf7+ Rxf7 35. Rxf7 Ke8 36. Rh7 Bxe4 37. Bh5+ Kd8 38. Rh8+ Kc7 39. Rxf4 Bxc2 40. Bf3 f5 1/2-1/2

[Event "Kishinev Interzonal (Women)"]
[Site "Kishinev"]
[Date "1995.??.??"]
[Round "5"]
[White "Kulish, Irina"]
[Black "Janjgava, Natia"]
[Result "1-0"]
[WhiteElo "2300"]
[BlackElo "2280"]
[PlyCount "78"]
[EventDate "1995.09.??"]
[EventType "swiss"]
[EventRounds "13"]
[EventCountry "MDA"]
[SourceTitle "EXT 1997"]
[Source "ChessBase"]
[SourceDate "1996.11.15"]
[SourceVersion "1"]
[SourceVersionDate "1996.11.15"]
[SourceQuality "1"]

1. e4 c5 2. Nf3 e6 3. c3 Nf6 4. e5 Nd5 5. d4 cxd4 6. cxd4 Nc6 7. Bc4 d6 8. 0-0 Nde7 9. exd6 Qxd6 10. Nc3 a6 11. Re1 b5 12. Bb3 Na5 13. d5 Nxb3 14. axb3 b4 15. Ne4 Qd8 16. dxe6 Qxd1 17. Rxd1 Nc6 18. exf7+ Kxf7 19. Bf4 Bg4 20. Rac1 Bxf3 21. Ng5+ Kf6 22. Nxf3 Ne7 23. Rd6+ Kf7 24. Ne5+ Kg8 25. Rd7 Re8 26. h3 h5 27. Rcc7 h4 28. Ra7 Rh5 29. Rxa6 Rf5 30. Nd3 Nd5 31. Ra5 Rxf4 32. Rdxd5 Rfe4 33. Rd4 Re2 34. Rxh4 Ra8 35. Kh2 Ra6 36. Rd4 Rf6 37. Rd8 Kf7 38. Ra7+ Kg6 39. Rd4 Kh7 1-0

[Event "Policka (Women)"]
[Site "Policka"]
[Date "1993.??.??"]
[Round "9"]
[White "Folkova, Martina"]
[Black "Janjgava, Natia"]
[Result "1/2-1/2"]
[WhiteElo "2035"]
[BlackElo "2230"]
[PlyCount "56"]
[EventDate "1993.??.??"]
[EventType "tourn"]
[EventRounds "9"]
[EventCountry "CZE"]
[SourceTitle "EXT 1997"]
[Source "ChessBase"]
[SourceDate "1996.11.15"]
[SourceVersion "1"]
[SourceVersionDate "1996.11.15"]
[SourceQuality "1"]

1. e4 c5 2. Nf3 e6 3. d4 cxd4 4. Nxd4 Nc6 5. Nc3 Qc7 6. Be3 a6 7. f4 b5 8. Be2 Bb7 9. 0-0 Na5 10. Qd3 Nf6 11. e5 Nd5 12. Nxd5 Bxd5 13. b3 Nb7 14. Bf3 Bxf3 15. Nxf3 d5 16. f5 Nc5 17. Bxc5 Bxc5+ 18. Kh1 exf5 19. Qxf5 Be7 20. e6 fxe6 21. Qxe6 Qd7 22. Ng5 Qxe6 23. Nxe6 Bf6 24. Rad1 Rc8 25. Rf2 Kf7 26. Nf4 d4 27. Nd5 Rhd8 28. Nxf6 gxf6 1/2-1/2

[Event "Policka (Women)"]
[Site "Policka"]
[Date "1993.??.??"]
[Round "6"]
[White "Modrova, Hana"]
[Black "Janjgava, Natia"]
[Result "0-1"]
[WhiteElo "2030"]
[BlackElo "2230"]
[PlyCount "60"]
[EventDate "1993.??.??"]
[EventType "tourn"]
[EventRounds "9"]
[EventCountry "CZE"]
[SourceTitle "EXT 1997"]
[Source "ChessBase"]
[SourceDate "1996.11.15"]
[SourceVersion "1"]
[SourceVersionDate "1996.11.15"]
[SourceQuality "1"]

1. d4 Nf6 2. Nf3 g6 3. Bf4 Bg7 4. h3 d6 5. e3 0-0 6. Bc4 c6 7. Nbd2 Nbd7 8. c3 b5 9. Bd3 Re8 10. 0-0 e5 11. Bg5 h6 12. Bxf6 Nxf6 13. Qc2 Qe7 14. dxe5 dxe5 15. Nh2 e4 16. Be2 Nh7 17. Nb3 Be5 18. Ng4 Bxg4 19. Bxg4 h5 20. Be2 Bc7 21. f4 exf3 22. Bxf3 Qxe3+ 23. Qf2 Qe5 24. Rfd1 Qh2+ 25. Kf1 Ng5 26. Bxc6 Ne4 27. Bxe4 Rxe4 28. Rd3 Rae8 29. Qxa7 Qh1+ 30. Kf2 Re2+ 0-1

[Event "Wch U20 Girls"]
[Site "Mamaia"]
[Date "1991.??.??"]
[Round "?"]
[White "Janjgava, Natia"]
[Black "Botsari, Anna Maria"]
[Result "1-0"]
[WhiteElo "2210"]
[BlackElo "2285"]
[PlyCount "119"]
[EventDate "1991.08.??"]
[EventType "swiss"]
[EventRounds "13"]
[EventCountry "ROU"]
[SourceTitle "EXT 1997"]
[Source "ChessBase"]
[SourceDate "1996.11.15"]
[SourceVersion "1"]
[SourceVersionDate "1996.11.15"]
[SourceQuality "1"]

1. c4 e6 2. Nc3 d5 3. d4 Nf6 4. cxd5 exd5 5. Bg5 c6 6. Qc2 Be7 7. e3 Nbd7 8. Bd3 0-0 9. Nf3 Re8 10. h3 Nf8 11. Rb1 Bd6 12. 0-0 Ng6 13. Nh4 Bd7 14. Ne2 Rc8 15. b4 Bb8 16. Nxg6 fxg6 17. f3 Rf8 18. e4 Qb6 19. Qc5 Be6 20. Qxb6 axb6 21. e5 Nd7 22. g4 Rf7 23. Be3 b5 24. f4 Ba7 25. f5 gxf5 26. gxf5 Nxe5 27. dxe5 Bxe3+ 28. Kg2 Re8 29. fxe6 Rxf1 30. Rxf1 Rxe6 31. Bf5 Rxe5 32. Bc8 Re7 33. Nf4 g6 34. Nd3 Rc7 35. Be6+ Kg7 36. Re1 Bg5 37. Re2 Kf6 38. Kf3 d4 39. Bb3 b6 40. Rc2 Ke7 41. Nf2 Bh6 42. Ne4 Rc8 43. Ke2 Kd7 44. Kd3 Bf8 45. Ng5 Ra8 46. Kxd4 Bxb4 47. Be6+ Ke7 48. Rxc6 Rd8+ 49. Bd5 h6 50. Ne4 Ba3 51. Rc7+ Rd7 52. Rxd7+ Kxd7 53. Bf7 g5 54. Ke5 Ke7 55. Bb3 Bc1 56. Kf5 Kf8 57. Kg6 Ke7 58. Nf6 Kd6 59. Ng4 Kc5 60. Nxh6 1-0